[Event "Continental Class Ch."]
[Site "Arlington, VA"]
[Date "2011.10.09"]
[Round "7"]
[White "Gurevich, Daniel"]
[Black "Sarkar, Justin"]
[Result "0-1"]
[WhiteElo "2137"]
[BlackElo "2379"]
[PlyCount "102"]
[EventDate "2011.10.??"]
[EventType "swiss"]
[EventRounds "9"]
[EventCountry "USA"]

1. e4 c6 2. d4 d5 3. e5 Bf5 4. Be3 e6 5. Nd2 Nd7 6. Ngf3 f6 7. Bd3 Bxd3 8. cxd3
Bb4 9. O-O Ne7 10. exf6 gxf6 11. Re1 Ng6 12. Bh6 Bf8 13. Bxf8 Ndxf8 14. Nb3 Kf7
15. Qd2 h5 16. h4 Nd7 17. Re3 Qc7 18. Rae1 Rae8 19. g3 Qd6 20. Qc3 b6 21. Nbd2
Ndf8 22. b4 Ne7 23. Nf1 Nf5 24. R3e2 Nd7 25. Kg2 Rhg8 26. Rc1 Rc8 27. Qe1 c5
28. Rec2 c4 29. dxc4 dxc4 30. Ne3 b5 31. d5 Nxe3+ 32. Qxe3 Qxd5 33. Qxa7 Ra8
34. Qd4 Ne5 35. Qe3 Nxf3 36. Qxf3 Qxf3+ 37. Kxf3 Ra3+ 38. Kg2 Rd8 39. Re1 e5
40. Re3 Rda8 41. Rxa3 Rxa3 42. Rd2 Rd3 43. Rc2 c3 44. Kf1 Ke6 45. Ke2 e4 46. a4
bxa4 47. Ra2 Kd5 48. Rxa4 c2 49. Ra1 Kc4 50. b5 Kb3 51. b6 Kb2 0-1

[Event "Continental Class Ch."]
[Site "Arlington, VA"]
[Date "2011.10.09"]
[Round "7"]
[White "Gulamali, Kazim"]
[Black "Bierkens, Pieter"]
[Result "0-1"]
[WhiteElo "2350"]
[BlackElo "2154"]
[PlyCount "88"]
[EventDate "2011.10.??"]
[EventType "swiss"]
[EventRounds "9"]
[EventCountry "USA"]

1. e4 c5 2. Nf3 Nc6 3. Bb5 d6 4. O-O Bd7 5. c3 g6 6. h3 Bg7 7. d4 Qb6 8. Bxc6
Bxc6 9. d5 Bd7 10. Re1 f6 11. c4 Nh6 12. Nc3 Nf7 13. Qe2 O-O 14. Bf4 g5 15. Bc1
g4 16. Nh2 gxh3 17. g4 Bh6 18. Bxh6 Nxh6 19. Nd1 Kh8 20. Ne3 Rg8 21. Kh1 Nf7
22. Rg1 Qb4 23. a3 Qb3 24. a4 Ng5 25. Ra3 Qb4 26. Nf5 Nf7 27. Nxe7 Rge8 28. Qf3
Qxb2 29. e5 Qxe5 30. Re3 Ng5 31. Qe2 Qf4 32. Rgg3 Kg7 33. Nf3 Bxg4 34. Nxg5
Qxg3 35. Ne6+ Kh8 36. f3 Qg2+ 37. Qxg2 hxg2+ 38. Kxg2 Bxf3+ 39. Rxf3 Rxe7 40.
Rxf6 Rae8 41. Kh3 Kg8 42. Ng5 Rg7 43. Kh4 Rg6 44. Rf3 Re1 0-1

[Event "Continental Class Ch."]
[Site "Arlington, VA"]
[Date "2011.10.09"]
[Round "7"]
[White "Coleman, Teddy"]
[Black "Juac, Majur"]
[Result "1-0"]
[WhiteElo "2314"]
[BlackElo "2178"]
[PlyCount "83"]
[EventDate "2011.10.??"]
[EventType "swiss"]
[EventRounds "9"]
[EventCountry "USA"]

1. d4 g6 2. c4 Bg7 3. e4 d6 4. Nc3 Nc6 5. Nge2 e5 6. Be3 Nf6 7. f3 O-O 8. Qd2
Re8 9. d5 Ne7 10. O-O-O a6 11. Kb1 Bd7 12. Nc1 Qb8 13. Nd3 c5 14. dxc6 Nxc6 15.
Ne1 Bf8 16. Nc2 Rc8 17. c5 Na5 18. Bg5 Ne8 19. Nd5 Rxc5 20. Nb6 Be6 21. Be3 Nc6
22. Bxc5 dxc5 23. Ne3 Nd4 24. Bc4 Nd6 25. Bxe6 fxe6 26. Nxa8 Qxa8 27. h4 Bh6
28. Rc1 Qf8 29. h5 Qf4 30. hxg6 hxg6 31. Rxh6 Qxh6 32. Rxc5 Qf4 33. Rc7 Nf7 34.
Rxb7 g5 35. Qc1 Qh4 36. a3 Qf4 37. Nf5 Qxc1+ 38. Kxc1 Ne2+ 39. Kd2 Nf4 40. Ra7
Nxg2 41. Rxa6 Nf4 42. b4 1-0

[Event "Continental Class Ch."]
[Site "Arlington, VA"]
[Date "2011.10.09"]
[Round "7"]
[White "Mo, Kevin"]
[Black "Adu, Oladapo"]
[Result "1/2-1/2"]
[WhiteElo "2104"]
[BlackElo "2278"]
[PlyCount "212"]
[EventDate "2011.10.??"]
[EventType "swiss"]
[EventRounds "9"]
[EventCountry "USA"]

1. e4 c5 2. Nf3 e6 3. d4 cxd4 4. Nxd4 a6 5. Bd3 Qc7 6. O-O Nf6 7. Be3 Be7 8. f4
d6 9. Nd2 Nbd7 10. c3 b5 11. Qf3 Bb7 12. Rae1 h5 13. h3 h4 14. Bf2 Nh5 15. Qe3
Rc8 16. e5 dxe5 17. fxe5 Nc5 18. Bb1 g5 19. N2f3 Nf4 20. Ne2 Nd5 21. Qc1 g4 22.
hxg4 h3 23. Nf4 hxg2 24. Kxg2 Kd7 25. Nxd5 Bxd5 26. Rd1 Rcg8 27. Rxd5+ exd5 28.
Bf5+ Ke8 29. Qd2 Qc6 30. Bxc5 Qxc5 31. Rd1 Qc4 32. Qxd5 Qe2+ 33. Kg3 Kf8 34. b4
Qe3 35. Kg2 Qxc3 36. e6 Rh6 37. exf7 Rgh8 38. Qd7 Rh2+ 39. Nxh2 Qh3+ 40. Kf2
Qxh2+ 41. Ke3 Rh3+ 42. Kd4 Qf4+ 43. Be4 Bf6+ 44. Kd5 Qe5+ 45. Kc6 Qxe4+ 46. Kb6
Ra3 47. g5 Qe3+ 48. Kb7 Bxg5 49. Qe8+ Qxe8 50. fxe8=Q+ Kxe8 51. Rd6 Ra4 52. a3
a5 53. Rb6 axb4 54. axb4 Rxb4 55. Kc6 Rd4 56. Rxb5 Be7 57. Rf5 Rb4 58. Kd5 Kd7
59. Rf7 Rb5+ 60. Ke4 Ke6 61. Rh7 Bf6 62. Ra7 Rb4+ 63. Kd3 Be5 64. Ra8 Bd6 65.
Re8+ Kd5 66. Rd8 Rb3+ 67. Ke2 Ke5 68. Re8+ Kd4 69. Rd8 Re3+ 70. Kd2 Re6 71. Rd7
Kc4 72. Kc2 Bb4 73. Rc7+ Bc5 74. Rc8 Re2+ 75. Kd1 Rg2 76. Ke1 Kd5 77. Kd1 Kc4
78. Ke1 Kd4 79. Kf1 Rc2 80. Rd8+ Ke4 81. Ke1 Bd4 82. Kd1 Rg2 83. Rc8 Kd3 84.
Re8 Rf2 85. Re7 Rf1+ 86. Re1 Rf7 87. Re8 Rb7 88. Rc8 Rb1+ 89. Rc1 Rb2 90. Rc8
Rd2+ 91. Kc1 Rb2 92. Kd1 Rh2 93. Re8 Rd2+ 94. Ke1 Ra2 95. Kf1 Rf2+ 96. Ke1 Rf7
97. Kd1 Bb6 98. Re6 Bc5 99. Re8 Rf6 100. Rd8+ Bd4 101. Re8 Ra6 102. Rc8 Bf6
103. Rc7 Ra2 104. Rd7+ Bd4 105. Rc7 Rd2+ 106. Kc1 Bb2+ 1/2-1/2

[Event "Continental Class Ch."]
[Site "Arlington, VA"]
[Date "2011.10.09"]
[Round "7"]
[White "Viswanadha, Kesav"]
[Black "Betaneli, Aleksandr"]
[Result "1/2-1/2"]
[WhiteElo "2078"]
[BlackElo "2255"]
[PlyCount "54"]
[EventDate "2011.10.??"]
[EventType "swiss"]
[EventRounds "9"]
[EventCountry "USA"]

1. e4 e5 2. Nf3 Nc6 3. Bb5 a6 4. Ba4 Nf6 5. O-O Be7 6. Re1 d6 7. c3 Bg4 8. d3
Nd7 9. h3 Bh5 10. Nbd2 Nc5 11. Bc2 Ne6 12. Nf1 Ng5 13. Bxg5 Bxg5 14. Ng3 Bxf3
15. Qxf3 O-O 16. Ne2 Qe7 17. Qg4 g6 18. d4 h5 19. Qf3 Nd8 20. g3 h4 21. Qg2
hxg3 22. fxg3 Ne6 23. Qf3 Kg7 24. Kg2 Rh8 25. Rh1 Bf6 26. d5 Nc5 27. Raf1 c6
1/2-1/2

[Event "Continental Class Ch."]
[Site "Arlington, VA"]
[Date "2011.10.09"]
[Round "7"]
[White "Mabe, Chris"]
[Black "Bouzoukis, Charles"]
[Result "1-0"]
[WhiteElo "2216"]
[BlackElo "2212"]
[PlyCount "125"]
[EventDate "2011.10.??"]
[EventType "swiss"]
[EventRounds "9"]
[EventCountry "USA"]

1. c4 f5 2. Nc3 Nf6 3. g3 e6 4. Bg2 Be7 5. d3 O-O 6. e4 fxe4 7. dxe4 Nc6 8.
Nge2 Bc5 9. O-O a6 10. Na4 Ba7 11. c5 b5 12. cxb6 cxb6 13. Nf4 b5 14. Nc3 Rb8
15. b4 d6 16. Nd3 e5 17. h3 h6 18. Re1 Be6 19. Be3 Bd4 20. Rc1 Qb6 21. Nd5 Bxd5
22. exd5 Ne7 23. Qb3 Bxe3 24. fxe3 Kh8 25. Kh2 Rbc8 26. Rxc8 Rxc8 27. Nf2 Qc7
28. Ne4 Nxe4 29. Bxe4 Qc4 30. Bg2 Qc2 31. e4 Qd2 32. Rf1 Rc3 33. Qd1 Qxd1 34.
Rxd1 Ng8 35. Ra1 Nf6 36. a4 Rc4 37. axb5 axb5 38. Ra6 Nxe4 39. Bxe4 Rxe4 40.
Rxd6 Rxb4 41. Re6 e4 42. Kg2 Kg8 43. Re5 Kf7 44. Kf2 Kf6 45. Re8 Kf5 46. Ke3
Rb3+ 47. Kd4 Rd3+ 48. Kc5 Rxg3 49. d6 Rd3 50. Kc6 Kf4 51. d7 e3 52. d8=Q Rxd8
53. Rxd8 e2 54. Re8 Kf3 55. Rf8+ Kg3 56. Re8 Kxh3 57. Rxe2 g5 58. Kd5 h5 59.
Re5 Kg4 60. Ke4 h4 61. Ke3 b4 62. Kf2 Kf4 63. Rb5 1-0

[Event "Continental Class Ch."]
[Site "Arlington, VA"]
[Date "2011.10.09"]
[Round "7"]
[White "Colas, Joshua"]
[Black "Hendrickson, Nolan"]
[Result "1/2-1/2"]
[WhiteElo "2040"]
[BlackElo "2115"]
[PlyCount "40"]
[EventDate "2011.10.??"]
[EventType "swiss"]
[EventRounds "9"]
[EventCountry "USA"]

1. d4 Nf6 2. c4 g6 3. Nc3 Bg7 4. e4 d6 5. Nge2 e5 6. f3 O-O 7. Be3 exd4 8. Nxd4
c6 9. Qd2 d5 10. cxd5 cxd5 11. e5 Ne8 12. f4 f6 13. exf6 Nxf6 14. Be2 Nc6 15.
O-O Re8 16. Rad1 Ne4 17. Nxe4 Rxe4 18. Nxc6 bxc6 19. Bf3 Re8 20. Rfe1 Bf5
1/2-1/2

[Event "Continental Class Ch."]
[Site "Arlington, VA"]
[Date "2011.10.09"]
[Round "7"]
[White "Smarty, Sylvester"]
[Black "Collier, Philip"]
[Result "1-0"]
[WhiteElo "2104"]
[BlackElo "1968"]
[PlyCount "63"]
[EventDate "2011.10.??"]
[EventType "swiss"]
[EventRounds "9"]
[EventCountry "USA"]

1. c4 Nf6 2. g3 g6 3. Bg2 Bg7 4. Nc3 O-O 5. d4 d6 6. e4 Nc6 7. Nge2 e5 8. d5
Ne7 9. O-O Nh5 10. Rb1 f5 11. exf5 gxf5 12. f4 Ng6 13. Be3 exf4 14. Nxf4 Nhxf4
15. gxf4 Re8 16. Qd2 Bd7 17. Rf3 a6 18. Rg3 Qf6 19. Rd1 Kh8 20. Qf2 Rg8 21. Bd4
Qh4 22. Rf1 Rae8 23. b4 Qe7 24. a3 Bxd4 25. Qxd4+ Qg7 26. Qd2 Qe7 27. Nd1 Qf6
28. Nf2 Re7 29. Nh3 Reg7 30. Kf2 Ba4 31. Rg1 Bb3 32. Rxb3 1-0

[Event "Continental Class Ch."]
[Site "Arlington, VA"]
[Date "2011.10.09"]
[Round "7"]
[White "Paulina, David"]
[Black "Stancil, Kimani"]
[Result "0-1"]
[WhiteElo "2044"]
[BlackElo "2090"]
[PlyCount "93"]
[EventDate "2011.10.??"]
[EventType "swiss"]
[EventRounds "9"]
[EventCountry "USA"]

1. e4 d6 2. Nc3 g6 3. f4 Bg7 4. Nf3 a6 5. Bc4 b5 6. Bd5 c6 7. Bb3 e6 8. d4 d5
9. e5 Nd7 10. Be3 Nh6 11. Ne2 Nf5 12. Bf2 h5 13. Ng3 Nh6 14. h3 h4 15. Ne2 Nf5
16. c3 Bf8 17. Bc2 Ng7 18. Bd3 Be7 19. Qc2 c5 20. O-O c4 21. Bxg6 Nf8 22. Bxf7+
Kxf7 23. Ng5+ Kg8 24. Nf3 Nf5 25. Kh2 Qe8 26. g4 hxg3+ 27. Nxg3 Qg6 28. Rg1 Kf7
29. Ne4 Rxh3+ 30. Kxh3 Qh5+ 31. Kg2 dxe4 32. Qxe4 Rb8 33. Bg3 Bb7 34. Qe2 Nxg3
35. Kxg3 Bh4+ 36. Kg2 Qg4+ 37. Kf1 Qxf3+ 38. Qxf3 Bxf3 39. Rc1 Ng6 40. Rc2 Be4
41. Rh2 Bd3+ 42. Kg2 Rg8 43. Kf3 Be7 44. Rh7+ Ke8 45. Ke3 Rf8 46. Rh6 Nxf4 47.
a4 0-1

[Event "Continental Class Ch."]
[Site "Arlington, VA"]
[Date "2011.10.09"]
[Round "7"]
[White "Strenzwilk, Denis"]
[Black "Rozman, Levy"]
[Result "0-1"]
[WhiteElo "2024"]
[BlackElo "2037"]
[PlyCount "78"]
[EventDate "2011.10.??"]
[EventType "swiss"]
[EventRounds "9"]
[EventCountry "USA"]

1. e4 c6 2. d4 d5 3. exd5 cxd5 4. Bd3 Nc6 5. c3 Nf6 6. Bf4 g6 7. Nf3 Bg7 8. O-O
O-O 9. Nbd2 Bf5 10. Bxf5 gxf5 11. Ne5 Nd7 12. Ndf3 e6 13. Qd2 f6 14. Nxc6 bxc6
15. Rfe1 Re8 16. Bh6 Nf8 17. Re2 Ng6 18. Rae1 Qd6 19. g3 e5 20. Bxg7 Kxg7 21.
dxe5 fxe5 22. Qg5 Qf6 23. Qh5 Re7 24. Qg5 Qxg5 25. Nxg5 e4 26. f4 Kf6 27. h4
Rg8 28. Kf2 h6 29. Nh3 Nf8 30. Rg1 Ne6 31. Rd2 e3+ 32. Kxe3 Ng5+ 33. Kd3 Nxh3
34. Rgg2 Reg7 35. Kd4 Nxf4 36. Rgf2 Ne6+ 37. Kd3 Rxg3+ 38. Kc2 f4 39. c4 d4 0-1

[Event "Continental Class Ch."]
[Site "Arlington, VA"]
[Date "2011.10.10"]
[Round "8"]
[White "Romanenko, Vladimir"]
[Black "Tegshsuren, Enkhbat"]
[Result "1/2-1/2"]
[WhiteElo "2471"]
[BlackElo "2370"]
[PlyCount "39"]
[EventDate "2011.10.??"]
[EventType "swiss"]
[EventRounds "9"]
[EventCountry "USA"]

1. e4 c6 2. d4 d5 3. Nc3 dxe4 4. Nxe4 Bf5 5. Ng3 Bg6 6. h4 h6 7. Nf3 Nd7 8. h5
Bh7 9. Bd3 Bxd3 10. Qxd3 e6 11. Bf4 Qa5+ 12. Bd2 Bb4 13. c3 Be7 14. c4 Qc7 15.
O-O-O Ngf6 16. Kb1 O-O 17. Rh4 b5 18. Bf4 bxc4 19. Qxc4 Bd6 20. Bxd6 1/2-1/2

[Event "Continental Class Ch."]
[Site "Arlington, VA"]
[Date "2011.10.10"]
[Round "8"]
[White "Friedel, Joshua E"]
[Black "Shabalov, Alexander"]
[Result "1/2-1/2"]
[WhiteElo "2518"]
[BlackElo "2529"]
[PlyCount "79"]
[EventDate "2011.10.??"]
[EventType "swiss"]
[EventRounds "9"]
[EventCountry "USA"]

1. e4 c5 2. Nf3 d6 3. d4 cxd4 4. Nxd4 Nf6 5. Nc3 a6 6. f4 e5 7. Nf3 Nbd7 8. a4
Be7 9. Bd3 O-O 10. O-O exf4 11. Kh1 Nc5 12. Bxf4 Bg4 13. Qe1 Bh5 14. Nh4 Ne6
15. Bg3 Re8 16. Nf5 h6 17. Bxd6 Bxd6 18. Nxd6 Qxd6 19. e5 Qd4 20. exf6 Nc5 21.
Qg3 g5 22. Qh3 Nxd3 23. cxd3 Qg4 24. Qxg4 Bxg4 25. d4 Rad8 26. d5 Kh7 27. h3
Bd7 28. Rad1 Kg6 29. Rd4 a5 30. Kh2 Re5 31. Rc4 Rc8 32. Rxc8 Bxc8 33. d6 Bd7
34. g4 h5 35. Rd1 hxg4 36. hxg4 Kxf6 37. Nd5+ Ke6 38. Nc7+ Kf6 39. Nd5+ Ke6 40.
Nc7+ 1/2-1/2

[Event "Continental Class Ch."]
[Site "Arlington, VA"]
[Date "2011.10.10"]
[Round "8"]
[White "Bartholomew, John"]
[Black "Shahade, Greg"]
[Result "1/2-1/2"]
[WhiteElo "2442"]
[BlackElo "2446"]
[PlyCount "80"]
[EventDate "2011.10.??"]
[EventType "swiss"]
[EventRounds "9"]
[EventCountry "USA"]

1. Nf3 c5 2. c4 g6 3. g3 Bg7 4. Bg2 Nc6 5. Nc3 e6 6. d3 Nge7 7. h4 h6 8. Bd2
O-O 9. a3 b6 10. Rb1 Bb7 11. O-O d6 12. b4 Qd7 13. e3 Rfd8 14. Qe2 Rac8 15.
Rfd1 Ne5 16. Nxe5 Bxe5 17. Bxb7 Qxb7 18. Nb5 h5 19. a4 Nc6 20. d4 cxd4 21. exd4
Bf6 22. Bf4 e5 23. dxe5 dxe5 24. Be3 Nd4 25. Bxd4 exd4 26. Rbc1 Qd7 27. c5 bxc5
28. bxc5 Qd5 29. Qc4 a6 30. Na3 Be7 31. Qxa6 Rxc5 32. Rxc5 Bxc5 33. Qd3 Qa2 34.
Nc4 Qxa4 35. Ne5 Qe8 36. Nxg6 fxg6 37. Qc4+ Qf7 38. Qxc5 d3 39. Rd2 Qe6 40. Qe3
Qd6 1/2-1/2

[Event "Continental Class Ch."]
[Site "Arlington, VA"]
[Date "2011.10.10"]
[Round "8"]
[White "Bierkens, Pieter"]
[Black "Kekelidze, Mikheil"]
[Result "0-1"]
[WhiteElo "2154"]
[BlackElo "2459"]
[PlyCount "66"]
[EventDate "2011.10.??"]
[EventType "swiss"]
[EventRounds "9"]
[EventCountry "USA"]

1. e4 c5 2. Nc3 a6 3. g3 b5 4. Bg2 Bb7 5. Nge2 e6 6. O-O Nf6 7. d3 d6 8. f4 b4
9. Nb1 Nbd7 10. Nd2 Qc7 11. h3 h5 12. b3 g6 13. Bb2 Bg7 14. Nc4 d5 15. exd5
Bxd5 16. Bxd5 exd5 17. Ne5 O-O 18. Qd2 d4 19. Nc4 Nd5 20. a3 a5 21. axb4 axb4
22. Rxa8 Rxa8 23. Ra1 Re8 24. Ra6 Qb7 25. Nd6 Qxa6 26. Nxe8 Bh6 27. Bc1 Kf8 28.
Qe1 Qe6 29. f5 Be3+ 30. Kg2 Qxe8 31. fxg6 fxg6 32. Nf4 Nxf4+ 33. gxf4 Bxc1 0-1

[Event "Continental Class Ch."]
[Site "Arlington, VA"]
[Date "2011.10.10"]
[Round "8"]
[White "Kaufman, Larry C"]
[Black "Troff, Kayden"]
[Result "1-0"]
[WhiteElo "2406"]
[BlackElo "2293"]
[PlyCount "47"]
[EventDate "2011.10.??"]
[EventType "swiss"]
[EventRounds "9"]
[EventCountry "USA"]

1. d4 Nf6 2. c4 g6 3. Nc3 d5 4. Nf3 Bg7 5. Qb3 dxc4 6. Qxc4 O-O 7. e4 Nc6 8.
Be2 Bg4 9. d5 Na5 10. Qb4 c6 11. e5 c5 12. Qf4 Nxd5 13. Qxg4 Nxc3 14. bxc3 Nc6
15. Qe4 Qa5 16. O-O Rfd8 17. Rb1 Qc7 18. e6 f5 19. Qh4 Bxc3 20. Ng5 h5 21. Bxh5
gxh5 22. Qxh5 Bg7 23. Qf7+ Kh8 24. Rb3 1-0

[Event "Continental Class Ch."]
[Site "Arlington, VA"]
[Date "2011.10.10"]
[Round "8"]
[White "Sarkar, Justin"]
[Black "Gisclan, Heverton"]
[Result "1-0"]
[WhiteElo "2379"]
[BlackElo "2250"]
[PlyCount "59"]
[EventDate "2011.10.??"]
[EventType "swiss"]
[EventRounds "9"]
[EventCountry "USA"]

1. d4 d5 2. c4 c6 3. Nf3 Nf6 4. Nc3 e6 5. Bg5 dxc4 6. e4 b5 7. e5 h6 8. Bh4 g5
9. Nxg5 hxg5 10. Bxg5 Nbd7 11. g3 Bb7 12. Bg2 Qb6 13. exf6 c5 14. d5 O-O-O 15.
O-O b4 16. Na4 Qb5 17. a3 exd5 18. axb4 cxb4 19. Re1 Bh6 20. h4 Rdg8 21. Qd2
Bxg5 22. hxg5 Rh5 23. f4 Rgh8 24. Qd4 Rh2 25. Re7 Bc6 26. Rxf7 Rxg2+ 27. Kxg2
c3 28. Re7 Qc4 29. bxc3 Qb3 30. Re2 1-0

[Event "Continental Class Ch."]
[Site "Arlington, VA"]
[Date "2011.10.10"]
[Round "8"]
[White "Yang, Darwin"]
[Black "Santarius, Erik"]
[Result "1-0"]
[WhiteElo "2439"]
[BlackElo "2316"]
[PlyCount "179"]
[EventDate "2011.10.??"]
[EventType "swiss"]
[EventRounds "9"]
[EventCountry "USA"]

1. d4 Nf6 2. c4 e6 3. Nc3 Bb4 4. e3 c5 5. Nge2 cxd4 6. exd4 d5 7. a3 Be7 8. Nf4
O-O 9. cxd5 Nxd5 10. Ncxd5 exd5 11. Bd3 Nc6 12. O-O Bf6 13. Be3 g6 14. Be2 Qd6
15. Qd2 Bf5 16. Rac1 Rfe8 17. Bb5 Rac8 18. Rc5 Be6 19. Rfc1 a6 20. Bxc6 Rxc6
21. Rxc6 bxc6 22. Nd3 Ra8 23. Bf4 Qe7 24. Nb4 Bd7 25. h3 Qe4 26. Be3 Qe6 27.
Nd3 Be7 28. Re1 Qf6 29. Bf4 Bf8 30. Ne5 Bf5 31. Rc1 Rc8 32. g4 Be6 33. Bg5 Qg7
34. Rxc6 Rxc6 35. Nxc6 f6 36. Bf4 h5 37. Qe2 Qd7 38. Nb8 Qc8 39. Qxa6 hxg4 40.
hxg4 g5 41. Bg3 Qc1+ 42. Kh2 Kf7 43. Qe2 Qc8 44. f3 Qb7 45. Na6 Qb6 46. Nc7 Bd7
47. Nxd5 Qxd4 48. Ne3 Be6 49. Kg2 Bc5 50. Bf2 Qe5 51. Qd2 Bxe3 52. Bxe3 Bb3 53.
Bf2 Qd5 54. Qxd5+ Bxd5 55. a4 f5 56. gxf5 Kf6 57. Kg3 Kxf5 58. b4 Bb3 59. a5
Bc4 60. Be3 Bb5 61. Bd2 Ba6 62. Kf2 g4 63. f4 Ke4 64. Kg3 Kf5 65. Be3 Be2 66.
Bg1 Ba6 67. Bh2 Bb5 68. Kh4 Be2 69. Bg3 Bf1 70. Kh5 Bd3 71. Kh6 Kf6 72. Bh2 Bc4
73. Kh7 Kf7 74. Bg3 Bd3+ 75. Kh6 Kf6 76. Kh5 Kf5 77. Bh2 Bc4 78. Kh4 Be2 79.
Kg3 Bb5 80. Kf2 Ke4 81. Ke1 Kd4 82. f5 Kd5 83. Kf2 Bd7 84. f6 Ke6 85. Be5 Bb5
86. Kg3 Be2 87. Bd4 Kf7 88. Kf4 Kg6 89. Ke5 g3 90. Ke6 1-0

[Event "Continental Class Ch."]
[Site "Arlington, VA"]
[Date "2011.10.10"]
[Round "8"]
[White "Yanayt, Eugene"]
[Black "Coleman, Teddy"]
[Result "1-0"]
[WhiteElo "2214"]
[BlackElo "2314"]
[PlyCount "61"]
[EventDate "2011.10.??"]
[EventType "swiss"]
[EventRounds "9"]
[EventCountry "USA"]

1. d4 d5 2. c4 c6 3. Nf3 Nf6 4. Qc2 dxc4 5. Qxc4 Bg4 6. Nc3 Nbd7 7. e4 Bxf3 8.
gxf3 e5 9. Be3 exd4 10. Bxd4 Bd6 11. O-O-O Qc7 12. Ne2 Ne5 13. Qc2 Nxf3 14.
Bxf6 gxf6 15. Qd3 Bf4+ 16. Kb1 Ne5 17. Qb3 Ng6 18. h4 Bd6 19. Bh3 Rd8 20. h5
Nf4 21. Nxf4 Bxf4 22. Rxd8+ Qxd8 23. Rd1 Qe7 24. Bd7+ Kf8 25. Bf5 Rg8 26. a3
Be5 27. Rd7 Rg1+ 28. Ka2 Qe8 29. h6 Rf1 30. Qb4+ Kg8 31. Qd2 1-0

[Event "Continental Class Ch."]
[Site "Arlington, VA"]
[Date "2011.10.10"]
[Round "8"]
[White "Betaneli, Aleksandr"]
[Black "Mo, Kevin"]
[Result "1-0"]
[WhiteElo "2255"]
[BlackElo "2104"]
[PlyCount "35"]
[EventDate "2011.10.??"]
[EventType "swiss"]
[EventRounds "9"]
[EventCountry "USA"]

1. e4 c5 2. b3 Nf6 3. e5 Nd5 4. Bb2 Nc6 5. g3 d6 6. exd6 e5 7. Bg2 Qxd6 8. Na3
Be6 9. Qe2 f6 10. f4 Ndb4 11. fxe5 fxe5 12. Nf3 Nd4 13. Nxd4 exd4 14. Nb5 Qd7
15. O-O O-O-O 16. Rae1 Bd5 17. Qe5 b6 18. Bh3 1-0

[Event "Continental Class Ch."]
[Site "Arlington, VA"]
[Date "2011.10.10"]
[Round "8"]
[White "Chiang, Sarah"]
[Black "Mabe, Chris"]
[Result "1-0"]
[WhiteElo "1981"]
[BlackElo "2216"]
[PlyCount "107"]
[EventDate "2011.10.??"]
[EventType "swiss"]
[EventRounds "9"]
[EventCountry "USA"]

1. d4 d5 2. c4 c6 3. Nf3 Nf6 4. Nc3 a6 5. b3 Bf5 6. e3 e6 7. Bb2 Nbd7 8. Be2 h6
9. O-O Bd6 10. Rc1 O-O 11. Bd3 Be4 12. h3 Re8 13. Bxe4 Nxe4 14. Nxe4 dxe4 15.
Ne5 Bxe5 16. dxe5 Nc5 17. Qd4 Nd3 18. Rc2 Qxd4 19. exd4 Rad8 20. Bc3 f5 21.
exf6 gxf6 22. f3 f5 23. fxe4 fxe4 24. Re2 c5 25. Rxe4 cxd4 26. Bxd4 e5 27. Rg4+
Kh8 28. Rf6 Re7 29. Rxh6+ Rh7 30. Rxh7+ Kxh7 31. Bc3 Rf8 32. Re4 Re8 33. g4 Kg6
34. Kg2 Kf6 35. Re3 Nc1 36. Bd2 Nxa2 37. Re1 Rd8 38. Ba5 Rd3 39. Bc7 Rxb3 40.
Bxe5+ Kg6 41. h4 Nb4 42. Rf1 Nd3 43. Rf6+ Kh7 44. Bd4 a5 45. g5 Ne1+ 46. Kf2
Nd3+ 47. Ke2 a4 48. Rh6+ Kg8 49. g6 Nc1+ 50. Kf1 Rf3+ 51. Kg2 Rg3+ 52. Kh2 Kf8
53. Rh8+ Ke7 54. Kxg3 1-0

[Event "Continental Class Ch."]
[Site "Arlington, VA"]
[Date "2011.10.10"]
[Round "8"]
[White "Juac, Majur"]
[Black "Chkartina, Gerhana"]
[Result "1-0"]
[WhiteElo "2178"]
[BlackElo "2082"]
[PlyCount "55"]
[EventDate "2011.10.??"]
[EventType "swiss"]
[EventRounds "9"]
[EventCountry "USA"]

1. e4 d6 2. d4 g6 3. Nf3 Bg7 4. Nc3 Nf6 5. Bf4 O-O 6. Qd2 c6 7. Bh6 b5 8. Bd3
a6 9. e5 dxe5 10. dxe5 Nd5 11. h4 Nxc3 12. bxc3 f6 13. h5 g5 14. Bxg7 Kxg7 15.
Nxg5 fxg5 16. Qxg5+ Kh8 17. O-O-O e6 18. Qh6 Qe7 19. Bxh7 Qg7 20. Qxg7+ Kxg7
21. Be4 Ra7 22. h6+ Kh8 23. g4 Nd7 24. g5 Nxe5 25. f4 Ng4 26. g6 Nxh6 27. Rxh6+
Kg8 28. Rdh1 1-0

[Event "Continental Class Ch."]
[Site "Arlington, VA"]
[Date "2011.10.10"]
[Round "8"]
[White "Rozman, Levy"]
[Black "Smarty, Sylvester"]
[Result "1-0"]
[WhiteElo "2037"]
[BlackElo "2104"]
[PlyCount "57"]
[EventDate "2011.10.??"]
[EventType "swiss"]
[EventRounds "9"]
[EventCountry "USA"]

1. e4 c5 2. Nf3 d6 3. d4 cxd4 4. Qxd4 Nc6 5. Bb5 e5 6. Qd3 Nf6 7. Nc3 Be7 8.
Bg5 O-O 9. O-O-O Be6 10. Bxf6 Bxf6 11. Bc4 Nb4 12. Qe2 Qb6 13. Bxe6 fxe6 14.
Qc4 d5 15. Qb3 d4 16. Ne2 Rac8 17. Rd2 Rc6 18. Kb1 Rfc8 19. c3 dxc3 20. Nxc3
Qa5 21. Rhd1 Rb6 22. Rd6 Nxa2 23. Qxe6+ Kf8 24. Qxc8+ Kf7 25. Qc4+ Kg6 26. Rxb6
Nxc3+ 27. Qxc3 Qxb6 28. Nxe5+ Bxe5 29. Qxe5 1-0

[Event "Continental Class Ch."]
[Site "Arlington, VA"]
[Date "2011.10.10"]
[Round "8"]
[White "Paulina, David"]
[Black "Colas, Joshua"]
[Result "1/2-1/2"]
[WhiteElo "2044"]
[BlackElo "2040"]
[PlyCount "112"]
[EventDate "2011.10.??"]
[EventType "swiss"]
[EventRounds "9"]
[EventCountry "USA"]

1. e4 c5 2. Nc3 Nc6 3. f4 e6 4. Nf3 g6 5. Bc4 Bg7 6. d3 Nge7 7. Bb3 O-O 8. Be3
b6 9. d4 cxd4 10. Nxd4 Na5 11. O-O Ba6 12. Rf2 Qc7 13. f5 exf5 14. exf5 Qe5 15.
Qf3 gxf5 16. Qh3 Rae8 17. Rd1 Nxb3 18. axb3 Bb7 19. Bf4 Qf6 20. Ndb5 Nc8 21.
Rxd7 Re1+ 22. Rf1 Rxf1+ 23. Kxf1 Ba6 24. Rd5 Qc6 25. Rxf5 Ne7 26. Rg5 Ng6 27.
Qf5 Bxc3 28. bxc3 Qxb5+ 29. Qxb5 Bxb5+ 30. c4 Bc6 31. h4 f6 32. Rg4 Kf7 33. Bh6
Rg8 34. Rd4 Ne7 35. Rd2 Nf5 36. Bf4 Nxh4 37. g3 Nf5 38. Kf2 h5 39. b4 h4 40.
gxh4 Rg2+ 41. Ke1 Rxd2 42. Kxd2 Nxh4 43. b5 Bb7 44. Bb8 a6 45. Bc7 axb5 46.
cxb5 Nf5 47. Kd3 Ke6 48. Bxb6 Nd6 49. c4 f5 50. Be3 Ke5 51. Bd4+ Kf4 52. Bb6
Kf3 53. Bc7 Ne4 54. Kd4 Ke2 55. c5 f4 56. Bxf4 Nxc5 1/2-1/2

[Event "Continental Class Ch."]
[Site "Arlington, VA"]
[Date "2011.10.10"]
[Round "9"]
[White "Ramirez Alvarez, Alejandro"]
[Black "Romanenko, Vladimir"]
[Result "1/2-1/2"]
[WhiteElo "2594"]
[BlackElo "2471"]
[PlyCount "23"]
[EventDate "2011.10.??"]
[EventType "swiss"]
[EventRounds "9"]
[EventCountry "USA"]

1. e4 c5 2. Nc3 d6 3. Nf3 Nc6 4. g3 g6 5. d4 cxd4 6. Nxd4 Bg7 7. Nde2 Nf6 8.
Bg2 O-O 9. O-O Be6 10. h3 Ne5 11. Nd4 Bd7 12. Kh2 1/2-1/2